Riconosci la Stato degli Stati Uniti - Quiz n°17 - Statistics

Statistiche generali
  • Questo quiz è stato fatto 8 volte
  • Il punteggio medio è 6 su 10
Statistiche sulle risposte
Indizio Risposta % Corretto
Iniziale della Capitale S
100%
Superficie 219 887 km²
63%
Popolazione 3 205 958 ab.
63%
Fuso orario UTC-7
63%
Numero contee 29
50%
Data di istituzione 4 gennaio 1896
50%
Rappresentanza parlamentare 4 Rappresentanti: 3 R, 1 D 2 Senatori: Mitt Romney (R), Mike Lee (R)
50%
Numero stati confinanti 6
50%
Altitudine 664,4 - 4 120,3 m s.l.m.
50%
Stato federale Utah
38%
Nessun quiz corrispondente trovato
Distribuzione punteggi
Percentuale di utenti per punteggio
Percentile per numero di risposta
I tuoi punteggi nel tempo
Non hai fatto questo quiz